00527nam a2200145Ia 4500008004100000020001500041041000800056082001600064100003500080245019200115250000600307260003700313300000800350650002300358210716s1993 xx 000 0 und d a0671880748 aeng a374.22 MANS aManes, Stephen; Andrews, Paul. aGates: how microsoft's mogul reinvented an industry and made himself the richest man in America.bHow microsoft's mogul reinvented an industry and made himself the richest man in America. a1 aNew YorkbSimon & Schusterc1993 a541 aGeneral Management